| 000 | 00634nam a2200181 i 4500 | ||
|---|---|---|---|
| 001 | 160581 | ||
| 003 | ES-MaACL | ||
| 005 | 20250907063122.0 | ||
| 008 | 950412s1886 sp |||| | spa d | ||
| 040 |
_aAS _bspa _cCCPB | SIC |
||
| 100 | 1 |
_aNavarro y Rodrigo, Carlos, _d1833-1903 _985192 |
|
| 245 | 1 | 3 |
_aUn período de oposición / _cpor Carlos Navarro y Rodrigo. |
| 260 |
_aMadrid : _b[s.n.], _c1886 ( _fImprenta de los Hijos de J.A. Garcia) |
||
| 300 |
_aXXIX, 404 p. ; _c23 cm. |
||
| 651 | 4 |
_aEspaña- _xHistoria- _y1874-1885, Alfonso XII. _98265 |
|
| 852 |
_aES-MaACL _jF-11133 _z-- Enc. pasta |
||
| 999 |
_c160581 _d160581 |
||